000 00308nam a2200121Ia 4500
008 190216s9999||||xx |||||||||||||| ||und||
100 _aGovt Of Kerala
245 0 _aGlossary Of Administrative Terms
260 _bGovernment Of Kerala
_c1960
300 _a375p
650 _aGeneral Collections
942 _cREF
999 _c35147
_d35147